| 000 | 00430nam a2200181Ia 4500 | ||
|---|---|---|---|
| 003 | OSt | ||
| 005 | 20260331115518.0 | ||
| 008 | 250729s2008 xx 000 0 und d | ||
| 040 | _cAL | ||
| 041 | _aeng | ||
| 082 | _a020.2 RANL | ||
| 100 |
_aS.R.Ranganathan _9230715 |
||
| 245 | _aLibrary manual | ||
| 260 |
_aBangalore _bSarada Ranganathan _c2008 |
||
| 300 | _a366p | ||
| 650 |
_aLibrary Science _9230716 |
||
| 942 |
_2ddc _cBED |
||
| 999 |
_c238920 _d238920 |
||